Derecho colectivo /
Guardado en:
| Formato: | Desconocido |
|---|---|
| Idioma: | Spanish |
| Publicado: |
Madrid :
Consejo General del Poder Judicial,
2003
|
| Series: | Cuadernos de Derecho Judicial
|
| Materias: | |
| Etiquetas: |
Agregar Etiqueta
Sin Etiquetas, Sea el primero en etiquetar este registro!
|
| LEADER | 00439nac a22001335a 4500 | ||
|---|---|---|---|
| 001 | DER.der001778 | ||
| 005 | 20060717000000.0 | ||
| 008 | 180615s2003####||||||||||||||||||||spa|| | ||
| 245 | 1 | 0 | |a Derecho colectivo / |c Consejo General del Poder Judicial |
| 260 | |a Madrid : |b Consejo General del Poder Judicial, |c 2003 | ||
| 300 | 0 | |a 366 p. | |
| 440 | 0 | |a Cuadernos de Derecho Judicial | |
| 653 | |a Derecho laboral | ||
| 859 | |a DERECHO |b BIB. DERECHO |h 340.115 46 |i CON |p 003862 | ||
